Μεθοδολογία επιχειρηματικής έρευνας

Αποθηκεύτηκε σε:
Λεπτομέρειες βιβλιογραφικής εγγραφής
Κύριος συγγραφέας: Δημητριάδη, Ζωή Σ.
Μορφή: Βιβλίο
Γλώσσα:Greek
Δημοσίευση: Αθήνα : Interbooks, 2000
Θέματα:
Ετικέτες: Προσθήκη ετικέτας
Δεν υπάρχουν, Καταχωρήστε ετικέτα πρώτοι!

MARC

LEADER 00000cam a2200000 i 4500
001 1/13821
008 110621s2000 gre d
035 |l 10110343 
040 |a GR-MY-UA  |b gre  |e aacr 
041 0 |a gre 
082 0 |a 658.4034  |2 (22) 
100 1 |a Δημητριάδη, Ζωή Σ. 
245 1 0 |a Μεθοδολογία επιχειρηματικής έρευνας /  |c Ζωή Δημητριάδη 
260 |a Αθήνα :   |b Interbooks,   |c 2000 
300 |a 149 σ.;  |b πίν., σχ.;  |c 24 εκ. 
504 |a Βιβλιογραφία: σ.147-149 
650 0 0 |a Operations research. 
650 0 0 |a Decision making. 
852 |a INST  |b CHIOS  |e 20110621  |h 658.4034 ΔΗΜ  |p 005200031728  |q 005200031728  |t BK  |y 0 
901 |a BIBL2-2011-2 
909 |a Χ  |b 149384 
970 |a ΣΠΕΝΤΖΑ  |b ΕΛΕΝΗ  |z 2011/06/21